00550nam a2200181 a 450000100060000000300090000600800410001502000180005604000280007408200220010224500710012425000120019526000350020730000250024249000480026765000270031570000260034224866CO-ViMGA141112s2004 ck r 000 u spa d a9786077071655 aCO-ViMGAbspacCO-ViMGA04a005.74015113 F17l10aLógica para informáticos / cRafel Farré Cirera ... [et al.] a1a. ed. aMéxico : bAlfaomega, c2012 axii, 206 p. ; 23 cm. aComputación. Teoría de la computación14aLógica - Fundamentos1 aFarré Cirera, Rafel